Normal view
MARC view
- الأدب العربي - تاريخ ونقد - تراجم
Entry Topical Term
001 - CONTROL NUMBER
- control field: 41696
003 - CONTROL NUMBER IDENTIFIER
- control field: JO-AjAnu
005 - DATE AND TIME OF LATEST TRANSACTION
- control field: 20230606080925.0
008 - FIXED-LENGTH DATA ELEMENTS
- fixed length control field: 230606|| aca||aabn | a|a d
040 ## - CATALOGING SOURCE
- Original cataloging agency: JO-AjAnu
- Transcribing agency: JO-AjAnu
150 ## - HEADING--TOPICAL TERM
- Topical term or geographic name entry element: الأدب العربي - تاريخ ونقد - تراجم
670 ## - SOURCE DATA FOUND
- Source citation: Work cat.: (JO-AjAnu)21366: تأليف الجوزو، مصطفى, author 41695, مصطفى صادق الرافعي: رائد الرمزية العربية المطلة على السوريالية